[Event "Landesklasse Ost 2025/26"]
[Site "?"]
[Date "2026.04.26"]
[Round "9.6"]
[White "Käckell, Oskar"]
[Black "Vater, Rainer"]
[Result "1-0"]
[WhiteElo "1614"]
[BlackElo "1848"]
[WhiteFideId "-1"]
[BlackFideId "-1"]
[PlyCount "113"]
[GameId "564854379525"]
[EventDate "2025.09.14"]
[EventType "team-tourn"]
[EventRounds "9"]
[SourceTitle "Thueringer Schachbund"]
[Source "ThSB"]
[SourceDate "2025.09.14"]
[SourceVersion "1"]
[SourceVersionDate "2025.09.14"]
[SourceQuality "1"]
[WhiteTeam "SSV Vimaria 91 Weimar 2"]
[BlackTeam "SV Schott Jena 2"]

{[%evp 0,113,18,13,13,17,68,30,50,50,85,69,77,60,60,56,50,35,21,30,50,29,34,-17,67,64,63,54,70,34,49,45,46,41,33,39,62,47,94,83,87,90,202,141,199,215,242,130,1623,530,551,551,554,563,564,147,160,168,170,135,137,208,214,171,205,216,224,191,219,219,340,246,405,435,441,73,65,67,81,100,199,200,199,220,220,211,264,256,299,301,292,306,456,305,299,310,337,323,443,504,1151,513,1036,1057,1163,1223,1529,1628,2269,28642,29983,2482,29987,29984,29999,29999]} 1. d4 d5 2. Nf3 c6 3. e3 e6 4. Bd3 f5 5. O-O Nf6 6. b3 Bd6 7. Bb2 O-O 8. Nbd2 Nbd7 9. Ne5 Ne4 10. f3 Ng5 11. c4 Qf6 12. f4 Ne4 13. Rc1 Qh6 14. Nxe4 fxe4 15. Be2 Be7 16. Bg4 Nxe5 17. dxe5 Rd8 18. Qe2 g6 19. cxd5 exd5 20. e6 Bd6 21. g3 Re8 22. f5 gxf5 23. Bxf5 Bf8 24. Qg4+ Bg7 25. Bxg7 Qxg7 26. Bxh7+ Kh8 27. Qxg7+ Kxg7 28. Rf7+ Kh8 29. Bf5 Rb8 30. Rf6 Kg7 31. Rg6+ Kf8 32. Rf1 Ke7 33. Bg4 Kd6 34. h4 Re7 35. Rf7 Rxf7 36. exf7+ Ke7 37. Bh5 Be6 38. g4 Rf8 39. Rg7 Kf6 40. Rh7 Bxf7 41. g5+ Ke6 42. g6 Be8 43. g7 Rg8 44. Bxe8 Kf6 45. h5 Ke7 46. Bg6 Kf6 47. Kf2 a5 48. Ke2 b5 49. Be8 c5 50. Bxb5 d4 51. h6 d3+ 52. Kd2 a4 53. bxa4 c4 54. Bxc4 Rb8 55. Bb3 Ke5 56. g8=Q Rf8 57. Qe6# 1-0

[Event "Landesklasse Ost 2025/26"]
[Site "?"]
[Date "2026.04.26"]
[Round "9.7"]
[White "Filter, Robert"]
[Black "Brüning, Gerrit"]
[Result "1-0"]
[WhiteElo "1694"]
[BlackElo "1774"]
[WhiteFideId "-1"]
[BlackFideId "-1"]
[PlyCount "113"]
[GameId "564857252373"]
[EventDate "2025.09.14"]
[EventType "team-tourn"]
[EventRounds "9"]
[SourceTitle "Thueringer Schachbund"]
[Source "ThSB"]
[SourceDate "2025.09.14"]
[SourceVersion "1"]
[SourceVersionDate "2025.09.14"]
[SourceQuality "1"]
[WhiteTeam "SV Schott Jena 2"]
[BlackTeam "SSV Vimaria 91 Weimar 2"]

{[%evp 0,113,18,26,66,51,48,49,46,48,64,47,75,62,92,88,55,44,63,92,88,63,58,58,66,40,62,73,55,68,42,74,71,85,85,2,13,-1,1,-17,-4,-33,-31,-55,-54,-49,-57,-65,-65,-61,-47,-49,-50,-45,-51,-43,-51,-43,-33,-33,-41,-38,-30,-38,-30,-64,-34,-41,-26,-20,0,0,18,18,28,21,92,98,105,53,67,100,100,73,91,99,107,67,19,16,75,86,97,110,139,0,138,54,32,0,143,39,4,39,292,173,121,62,134,100,745,973,1012,1012,1032,29212]} 1. e4 c5 2. Nf3 e6 3. d4 cxd4 4. Nxd4 a6 5. Be3 Qc7 6. g3 Nc6 7. Bg2 Nf6 8. Nc3 b5 9. e5 b4 10. Ncb5 axb5 11. exf6 gxf6 12. Nxb5 Qe5 13. Nd4 Bb7 14. O-O Be7 15. Re1 Qa5 16. Nb3 Qb5 17. Qe2 Qxe2 18. Rxe2 Ba6 19. Rd2 d5 20. Bc5 Bc4 21. Bf1 Bxc5 22. Nxc5 Ne5 23. Rdd1 Bxf1 24. Kxf1 Rc8 25. Na6 Rxc2 26. Rac1 Rxc1 27. Rxc1 Kd7 28. Nxb4 Rb8 29. a3 Nc4 30. Rc2 Kd6 31. Ke2 Rb6 32. Nd3 Rb3 33. a4 e5 34. Rc3 Rxc3 35. bxc3 e4 36. Nf4 Kc5 37. Nh5 Nb6 38. a5 Nd7 39. f3 exf3+ 40. Kxf3 Kb5 41. Nf4 Kxa5 42. Nxd5 Kb5 43. Nf4 Kc4 44. Kg4 Kxc3 45. Kf5 Kd4 46. Nh5 Ke3 47. Nxf6 Nf8 48. g4 Kf3 49. h4 Kg3 50. h5 Kh4 51. h6 Kg3 52. Ne4+ Kh4 53. Nd6 f6 54. Ne4 Nd7 55. Nxf6 Nxf6 56. Kxf6 Kxg4 57. Kg7 1-0

[Event "Landesklasse Ost 2025/26"]
[Site "?"]
[Date "2026.04.26"]
[Round "9.1"]
[White "Schlierf, Andre"]
[Black "Buring, Matthias"]
[Result "0-1"]
[WhiteElo "1814"]
[BlackElo "2007"]
[WhiteFideId "-1"]
[BlackFideId "-1"]
[PlyCount "34"]
[GameId "2303189942579939"]
[EventDate "2025.09.14"]
[EventType "team-tourn"]
[EventRounds "9"]
[SourceTitle "Thueringer Schachbund"]
[Source "ThSB"]
[SourceDate "2025.09.14"]
[SourceVersion "1"]
[SourceVersionDate "2025.09.14"]
[SourceQuality "1"]
[WhiteTeam "Schachklub Weida"]
[BlackTeam "SG Arnstadt-Stadtilm"]

{[%evp 0,34,20,-5,-3,-40,-40,-59,17,-20,53,10,16,-17,6,40,50,55,50,0,-3,34,34,-43,-9,-21,14,30,142,-37,12,-444,-436,-435,-435,-435,-577]} 1. c4 e6 2. g3 d5 3. Bg2 c6 4. Qc2 f5 5. d3 Nf6 6. Nd2 Be7 7. Ngf3 O-O 8. O-O Bd7 9. e4 fxe4 10. dxe4 Na6 11. Re1 Bc5 12. Re2 Nb4 13. Qb1 d4 14. Ne1 Ng4 15. Nd3 Nxd3 16. Qxd3 Ne5 17. Qb3 d3 0-1

[Event "Landesklasse Ost 2025/26"]
[Site "?"]
[Date "2026.04.26"]
[Round "9.2"]
[White "Kaiser, Markus"]
[Black "Künzel, Andre"]
[Result "1-0"]
[WhiteElo "1931"]
[BlackElo "1920"]
[WhiteFideId "-1"]
[BlackFideId "-1"]
[PlyCount "43"]
[GameId "2303191177159404"]
[EventDate "2025.09.14"]
[EventType "team-tourn"]
[EventRounds "9"]
[SourceTitle "Thueringer Schachbund"]
[Source "ThSB"]
[SourceDate "2025.09.14"]
[SourceVersion "1"]
[SourceVersionDate "2025.09.14"]
[SourceQuality "1"]
[WhiteTeam "SG Arnstadt-Stadtilm"]
[BlackTeam "Schachklub Weida"]

{[%evp 0,43,18,-24,45,12,0,0,0,4,9,8,32,11,26,26,26,16,25,29,39,36,42,44,53,58,62,56,157,90,68,47,101,125,149,100,197,198,390,389,416,421,410,453,451,442]} 1. b3 d6 2. Bb2 e5 3. e3 Be7 4. d4 exd4 5. exd4 Bf6 6. Bd3 Ne7 7. Nd2 g6 8. Ngf3 O-O 9. O-O d5 10. Ne5 Bf5 11. Ndf3 Bxd3 12. Qxd3 Qc8 13. Rae1 Qf5 14. Qd2 Nbc6 15. Re2 Nd8 16. Rfe1 h5 17. h3 Qc8 18. Ba3 Ne6 19. Bxe7 Bxe7 20. Nxg6 fxg6 21. Rxe6 Bf6 22. Qh6 1-0

[Event "Landesklasse Ost 2025/26"]
[Site "?"]
[Date "2026.04.26"]
[Round "9.3"]
[White "Heine, Mario"]
[Black "Sauer, Marko"]
[Result "1/2-1/2"]
[WhiteElo "1716"]
[BlackElo "2009"]
[WhiteFideId "-1"]
[BlackFideId "-1"]
[PlyCount "37"]
[GameId "2303192365302517"]
[EventDate "2025.09.14"]
[EventType "team-tourn"]
[EventRounds "9"]
[SourceTitle "Thueringer Schachbund"]
[Source "ThSB"]
[SourceDate "2025.09.14"]
[SourceVersion "1"]
[SourceVersionDate "2025.09.14"]
[SourceQuality "1"]
[WhiteTeam "Schachklub Weida"]
[BlackTeam "SG Arnstadt-Stadtilm"]

{[%evp 0,37,18,11,51,47,59,38,27,17,28,7,11,12,33,37,43,-18,13,25,32,42,94,65,83,38,84,19,32,14,58,62,71,39,30,23,21,19,12,3]} 1. e4 c5 2. Nf3 e6 3. d4 cxd4 4. Nxd4 Nf6 5. Bd3 Nc6 6. Be3 Ne5 7. O-O Be7 8. f4 Nxd3 9. cxd3 d6 10. Nc3 h5 11. h3 h4 12. e5 Nh5 13. Nde2 d5 14. Rc1 a6 15. Na4 O-O 16. Nb6 Rb8 17. Qb3 Bd7 18. Nxd7 Qxd7 19. Bc5 1/2-1/2

[Event "Landesklasse Ost 2025/26"]
[Site "?"]
[Date "2026.04.26"]
[Round "9.4"]
[White "Heß, Jürgen"]
[Black "Ortlepp, Jeremy"]
[Result "1-0"]
[WhiteElo "1847"]
[BlackElo "1325"]
[WhiteFideId "-1"]
[BlackFideId "-1"]
[PlyCount "91"]
[GameId "2303193268617980"]
[EventDate "2025.09.14"]
[EventType "team-tourn"]
[EventRounds "9"]
[SourceTitle "Thueringer Schachbund"]
[Source "ThSB"]
[SourceDate "2025.09.14"]
[SourceVersion "1"]
[SourceVersionDate "2025.09.14"]
[SourceQuality "1"]
[WhiteTeam "SG Arnstadt-Stadtilm"]
[BlackTeam "Schachklub Weida"]

{[%evp 0,91,18,11,11,33,15,14,46,41,56,40,82,46,78,21,18,-5,59,14,19,15,11,0,8,10,18,8,30,53,48,59,74,70,90,85,168,184,183,157,154,71,217,181,185,150,179,179,177,175,188,188,179,192,200,133,127,136,149,121,143,149,150,122,285,233,251,250,258,247,271,231,220,194,194,217,227,220,221,246,291,300,299,350,369,377,387,387,415,471,467,500,540,583]} 1. e4 e5 2. Nf3 Nc6 3. Bb5 d6 4. O-O Bg4 5. h3 Bh5 6. c3 a6 7. Ba4 Nf6 8. Re1 Bg6 9. d3 Be7 10. Nbd2 O-O 11. Nf1 h6 12. Ng3 b5 13. Bc2 Qc8 14. Nh4 Bh7 15. Nhf5 Kh8 16. Bb3 Bd8 17. Qf3 Ne7 18. Nxh6 Bg6 19. Bg5 Neg8 20. Nhf5 Nh7 21. Bxd8 Qxd8 22. Bd5 Rc8 23. a4 c6 24. Bb3 Bxf5 25. Nxf5 Qf6 26. axb5 g6 27. Ne3 Qxf3 28. gxf3 axb5 29. Ra6 Ng5 30. Kg2 Rc7 31. Rea1 f5 32. Ra8 Rcc8 33. Rxc8 Rxc8 34. h4 Nh7 35. exf5 Ne7 36. fxg6 Nxg6 37. Nf5 Rf8 38. Nxd6 Nxh4+ 39. Kg3 Nxf3 40. Nf7+ Kg7 41. Kxf3 Ng5+ 42. Kg4 Nxf7 43. Ra7 Kf6 44. Rxf7+ Rxf7 45. Bxf7 Kxf7 46. Kf5 1-0

[Event "Landesklasse Ost 2025/26"]
[Site "?"]
[Date "2026.04.26"]
[Round "9.6"]
[White "Feuerpfeil, Tyler Joel"]
[Black "Heine, Robert"]
[Result "1-0"]
[WhiteElo "1608"]
[BlackElo "1561"]
[WhiteFideId "-1"]
[BlackFideId "-1"]
[PlyCount "41"]
[GameId "2303196268700429"]
[EventDate "2025.09.14"]
[EventType "team-tourn"]
[EventRounds "9"]
[SourceTitle "Thueringer Schachbund"]
[Source "ThSB"]
[SourceDate "2025.09.14"]
[SourceVersion "1"]
[SourceVersionDate "2025.09.14"]
[SourceQuality "1"]
[WhiteTeam "SG Arnstadt-Stadtilm"]
[BlackTeam "Schachklub Weida"]

{[%evp 0,41,21,23,82,73,75,74,74,6,43,32,18,5,-27,-121,-13,-70,-6,9,71,58,45,45,222,246,221,157,151,152,177,184,179,197,209,198,223,246,561,241,357,394,995,987]} 1. d4 d6 2. Nc3 Nd7 3. e4 e5 4. d5 c6 5. Bd3 Ngf6 6. Bg5 Be7 7. f4 Nc5 8. h3 Nxd3+ 9. Qxd3 Qc7 10. O-O-O O-O 11. fxe5 Ne8 12. Bxe7 Qxe7 13. exd6 Qxd6 14. Nf3 Nc7 15. Kb1 cxd5 16. exd5 Bd7 17. Ne4 Qg6 18. Ne5 Bb5 19. c4 Qf5 20. Ng4 Ba4 21. Nef6+ 1-0

[Event "Landesklasse Ost 2025/26"]
[Site "?"]
[Date "2026.04.26"]
[Round "9.1"]
[White "Greiner, Timo"]
[Black "Tobal, Elias"]
[Result "0-1"]
[WhiteElo "2027"]
[BlackElo "1951"]
[WhiteFideId "-1"]
[BlackFideId "-1"]
[PlyCount "34"]
[GameId "562921677917"]
[EventDate "2025.09.14"]
[EventType "team-tourn"]
[EventRounds "9"]
[SourceTitle "Thueringer Schachbund"]
[Source "ThSB"]
[SourceDate "2025.09.14"]
[SourceVersion "1"]
[SourceVersionDate "2025.09.14"]
[SourceQuality "1"]
[WhiteTeam "SV Thuringia Königsee"]
[BlackTeam "SC Turm Erfurt"]

{[%evp 0,34,14,11,47,55,60,22,33,34,91,29,13,27,28,17,15,18,11,2,2,8,56,56,41,57,58,12,43,15,79,59,81,73,77,85,119]} 1. e4 c5 2. Nf3 Nc6 3. d4 cxd4 4. Nxd4 g6 5. c4 d6 6. Nc3 Nf6 7. Be2 Nxd4 8. Qxd4 Bg7 9. Be3 O-O 10. Qd2 a5 11. f3 a4 12. O-O Qa5 13. Rf2 Be6 14. Nd5 Nxd5 15. Qxa5 Rxa5 16. cxd5 Bd7 17. Rc1 Bb5 0-1

[Event "Landesklasse Ost 2025/26"]
[Site "?"]
[Date "2026.04.26"]
[Round "9.2"]
[White "McLeod, Andrew"]
[Black "Kreutzmann, Henry"]
[Result "1/2-1/2"]
[WhiteElo "1919"]
[BlackElo "1775"]
[WhiteFideId "-1"]
[BlackFideId "-1"]
[PlyCount "36"]
[GameId "562921677902"]
[EventDate "2025.09.14"]
[EventType "team-tourn"]
[EventRounds "9"]
[SourceTitle "Thueringer Schachbund"]
[Source "ThSB"]
[SourceDate "2025.09.14"]
[SourceVersion "1"]
[SourceVersionDate "2025.09.14"]
[SourceQuality "1"]
[WhiteTeam "SC Turm Erfurt"]
[BlackTeam "SV Thuringia Königsee"]

{[%evp 0,36,39,34,69,0,55,50,72,56,91,96,113,105,131,113,97,72,75,60,65,49,90,30,26,40,10,2,13,-14,-9,-9,-31,-18,-12,-27,-4,-5,-1]} 1. e4 c5 2. c3 g6 3. d4 cxd4 4. cxd4 Bg7 5. Nc3 e6 6. Nf3 a6 7. Bd3 Ne7 8. O-O O-O 9. e5 Nbc6 10. Ne4 Nf5 11. Be3 d6 12. exd6 Nxd6 13. Nc3 b5 14. d5 Ne7 15. dxe6 Bxe6 16. Nd4 Bc4 17. b3 Bxd3 18. Qxd3 Ndf5 1/2-1/2

[Event "Landesklasse Ost 2025/26"]
[Site "?"]
[Date "2026.04.26"]
[Round "9.3"]
[White "Häusler, Willi"]
[Black "Strohner, Maximilian"]
[Result "0-1"]
[WhiteElo "1725"]
[BlackElo "1802"]
[WhiteFideId "-1"]
[BlackFideId "-1"]
[PlyCount "92"]
[GameId "562921677915"]
[EventDate "2025.09.14"]
[EventType "team-tourn"]
[EventRounds "9"]
[SourceTitle "Thueringer Schachbund"]
[Source "ThSB"]
[SourceDate "2025.09.14"]
[SourceVersion "1"]
[SourceVersionDate "2025.09.14"]
[SourceQuality "1"]
[WhiteTeam "SV Thuringia Königsee"]
[BlackTeam "SC Turm Erfurt"]

{[%evp 0,92,31,21,82,72,82,38,53,27,30,5,21,39,39,-7,7,-20,-20,-19,-3,-40,4,2,2,-14,-24,-22,1,-44,-39,-46,-23,-44,-42,-50,-63,-70,-44,-119,-84,-169,-109,-130,-80,-93,-112,-114,-58,0,-48,-99,-70,-158,-156,-198,-166,-166,-165,-182,-182,-202,-122,-128,-129,-122,-138,-292,-233,-233,-121,-140,-160,-160,-208,-208,-130,-117,-133,-133,-149,-140,6,-183,-255,-314,-320,-320,-323,-330,-437,-572,-884,-1012,-1012]} 1. e4 g6 2. d4 Bg7 3. c3 d6 4. f3 Nc6 5. Bc4 e5 6. d5 Nce7 7. Be3 f5 8. Qb3 a6 9. Nd2 Nf6 10. O-O-O f4 11. Bf2 O-O 12. h4 b5 13. Be2 h6 14. Nf1 Bd7 15. g3 Qc8 16. Qc2 c5 17. dxc6 Qxc6 18. Kb1 Be6 19. Nh3 Qd7 20. gxf4 Bxh3 21. fxe5 Nh5 22. exd6 Nc6 23. Be3 Nf4 24. Bxf4 Rxf4 25. h5 g5 26. Rxh3 Qxh3 27. Qb3+ Rf7 28. Qd5 Qd7 29. a4 bxa4 30. Bc4 Rd8 31. Qxf7+ Qxf7 32. Bxf7+ Kxf7 33. c4 Bd4 34. Ng3 Rxd6 35. Nf5 Rd8 36. Nxh6+ Ke6 37. Nf5 Bf6 38. Rxd8 Nxd8 39. h6 Nc6 40. Ka2 Nd4 41. c5 Nxf5 42. exf5+ Kd5 43. Ka3 Kxc5 44. Kxa4 Bxb2 45. Ka5 Kd6 46. h7 Bh8 0-1

[Event "Landesklasse Ost 2025/26"]
[Site "?"]
[Date "2026.04.26"]
[Round "9.4"]
[White "Schade, Holger"]
[Black "Möller, Frank"]
[Result "0-1"]
[WhiteElo "1766"]
[BlackElo "1801"]
[WhiteFideId "-1"]
[BlackFideId "-1"]
[PlyCount "101"]
[GameId "562921677918"]
[EventDate "2025.09.14"]
[EventType "team-tourn"]
[EventRounds "9"]
[SourceTitle "Thueringer Schachbund"]
[Source "ThSB"]
[SourceDate "2025.09.14"]
[SourceVersion "1"]
[SourceVersionDate "2025.09.14"]
[SourceQuality "1"]
[WhiteTeam "SC Turm Erfurt"]
[BlackTeam "SV Thuringia Königsee"]

{[%evp 0,101,14,13,25,6,21,26,37,37,46,44,50,32,43,39,46,17,16,1,-5,-1,6,11,21,17,35,35,26,0,-7,-8,7,1,22,-14,-1,0,22,-14,0,2,8,9,15,8,24,16,21,13,19,11,11,1,-1,-1,9,3,21,17,8,-9,-9,-10,13,0,12,9,0,-52,22,-10,-17,-14,41,12,-8,-114,-107,-129,-140,-110,-52,-69,-59,-132,-145,-102,-109,-178,-133,-185,-95,-100,-95,-111,-88,-96,-103,-103,-61,-68,-81,-203]} 1. d4 Nf6 2. c4 d6 3. Nc3 g6 4. e4 Bg7 5. Nf3 O-O 6. Be2 Nbd7 7. O-O e5 8. d5 a5 9. Ne1 Nc5 10. f3 Nh5 11. Be3 b6 12. Nd3 Nxd3 13. Bxd3 Nf4 14. Re1 f5 15. Bf1 fxe4 16. Nxe4 Bf5 17. Bf2 Bxe4 18. Rxe4 Qg5 19. Kh1 Qf5 20. Rb1 Nh5 21. Bd3 Qd7 22. a3 Nf6 23. Re2 Bh6 24. Qc2 Qf7 25. Rbe1 Nh5 26. Be3 Bxe3 27. Rxe3 Qg7 28. Re4 Rf4 29. Rxf4 Nxf4 30. Re4 Rf8 31. Re1 Qh6 32. Be4 Kg7 33. Qf2 Nh5 34. Rg1 g5 35. g3 Nf6 36. Qe2 Qh5 37. g4 Qf7 38. Rg3 Nxe4 39. Qxe4 Qf4 40. Qe2 Qc1+ 41. Rg1 Qf4 42. Rg3 Qd4 43. Rg1 Rf4 44. Kg2 Qxc4 45. Qd2 e4 46. Rc1 exf3+ 47. Kf2 Qe2+ 48. Qxe2 fxe2+ 49. Kxe2 Rf7 50. Ke3 Kf6 51. Rc4 0-1

[Event "Landesklasse Ost 2025/26"]
[Site "?"]
[Date "2026.04.26"]
[Round "9.5"]
[White "Steiger, Bernd"]
[Black "Stöcklein, Paul"]
[Result "0-1"]
[WhiteElo "1777"]
[BlackElo "1749"]
[WhiteFideId "-1"]
[BlackFideId "-1"]
[PlyCount "50"]
[GameId "562921677916"]
[EventDate "2025.09.14"]
[EventType "team-tourn"]
[EventRounds "9"]
[SourceTitle "Thueringer Schachbund"]
[Source "ThSB"]
[SourceDate "2025.09.14"]
[SourceVersion "1"]
[SourceVersionDate "2025.09.14"]
[SourceQuality "1"]
[WhiteTeam "SV Thuringia Königsee"]
[BlackTeam "SC Turm Erfurt"]

{[%evp 0,50,14,11,16,16,15,22,17,-4,6,-6,9,12,27,22,20,18,26,-4,-7,0,-6,-9,-3,-12,-8,0,3,-11,-16,-11,-19,-14,-19,-37,-37,-37,-49,-63,-22,-42,-63,-56,-39,-38,-28,-34,-30,-24,-24,-61,-52]} 1. e4 e5 2. Nf3 Nc6 3. Bb5 a6 4. Ba4 Nf6 5. O-O Be7 6. d3 b5 7. Bb3 O-O 8. h3 Bb7 9. Bg5 h6 10. Bh4 d6 11. Nc3 Na5 12. Bxf6 Bxf6 13. Nd5 Nxb3 14. Nxf6+ Qxf6 15. axb3 d5 16. exd5 Bxd5 17. Nh2 Qc6 18. f3 f5 19. Qe2 e4 20. Rae1 exd3 21. Qxd3 Rad8 22. Qc3 Rfe8 23. Rxe8+ Rxe8 24. Qxc6 Bxc6 25. Rf2 Kf7 0-1

[Event "Landesklasse Ost 2025/26"]
[Site "?"]
[Date "2026.04.26"]
[Round "9.6"]
[White "Boroshnev, Dmytro"]
[Black "Quandt, Friedbert"]
[Result "1-0"]
[WhiteElo "1956"]
[BlackElo "1648"]
[WhiteFideId "-1"]
[BlackFideId "-1"]
[PlyCount "40"]
[GameId "562921677900"]
[EventDate "2025.09.14"]
[EventType "team-tourn"]
[EventRounds "9"]
[SourceTitle "Thueringer Schachbund"]
[Source "ThSB"]
[SourceDate "2025.09.14"]
[SourceVersion "1"]
[SourceVersionDate "2025.09.14"]
[SourceQuality "1"]
[WhiteTeam "SC Turm Erfurt"]
[BlackTeam "SV Thuringia Königsee"]

1. e4 d5 2. exd5 Nf6 3. d4 Bg4 4. f3 Bf5 5. Bd3 Bxd3 6. Qxd3 Qxd5 7. c4 Qd7 8. Nc3 Nc6 9. Be3 O-O-O 10. O-O-O Kb8 11. a3 g6 12. d5 e6 13. Kc2 exd5 14. cxd5 Ne5 15. Bxa7+ Ka8 16. Qe3 Qf5+ 17. Kb3 b6 18. g4 Nxd5 19. Nxd5 Qe6 20. Qxe5 Qxe5 1-0

[Event "Landesklasse Ost 2025/26"]
[Site "?"]
[Date "2026.04.26"]
[Round "9.7"]
[White "Margraf, Moritz"]
[Black "Grüner, Nico"]
[Result "1/2-1/2"]
[WhiteElo "1534"]
[BlackElo "1627"]
[WhiteFideId "-1"]
[BlackFideId "-1"]
[PlyCount "50"]
[GameId "562921677901"]
[EventDate "2025.09.14"]
[EventType "team-tourn"]
[EventRounds "9"]
[SourceTitle "Thueringer Schachbund"]
[Source "ThSB"]
[SourceDate "2025.09.14"]
[SourceVersion "1"]
[SourceVersionDate "2025.09.14"]
[SourceQuality "1"]
[WhiteTeam "SV Thuringia Königsee"]
[BlackTeam "SC Turm Erfurt"]

{[%evp 0,50,31,39,27,16,54,45,88,47,82,70,61,47,51,43,51,20,97,39,56,47,37,20,27,4,10,-8,1,-51,-22,-46,-6,2,59,98,114,123,123,105,86,140,156,165,161,172,243,-106,-70,-62,-72,-135,-117]} 1. d4 Nf6 2. Nf3 g6 3. Nc3 Bg7 4. e4 d6 5. Be3 O-O 6. Be2 Nbd7 7. Qd2 c6 8. Bh6 b5 9. a3 a5 10. O-O Bb7 11. Bxg7 Kxg7 12. Bd3 Qc7 13. Rfe1 b4 14. Nd1 c5 15. d5 c4 16. Bf1 Rfc8 17. axb4 axb4 18. Rxa8 Rxa8 19. Qxb4 Ra1 20. Qc3 Kg8 21. b3 Rb1 22. Nd2 Rc1 23. Qb2 Rxd1 24. Rxd1 c3 25. Qc1 cxd2 1/2-1/2

[Event "Landesklasse Ost 2025/26"]
[Site "?"]
[Date "2026.04.26"]
[Round "9.8"]
[White "Titov, Yaroslav"]
[Black "Quandt, Franz Edmund"]
[Result "1/2-1/2"]
[WhiteElo "1592"]
[BlackElo "1298"]
[WhiteFideId "-1"]
[BlackFideId "-1"]
[PlyCount "73"]
[GameId "562921677914"]
[EventDate "2025.09.14"]
[EventType "team-tourn"]
[EventRounds "9"]
[SourceTitle "Thueringer Schachbund"]
[Source "ThSB"]
[SourceDate "2025.09.14"]
[SourceVersion "1"]
[SourceVersionDate "2025.09.14"]
[SourceQuality "1"]
[WhiteTeam "SC Turm Erfurt"]
[BlackTeam "SV Thuringia Königsee"]

{[%evp 0,73,39,-30,-24,-25,-29,-57,-50,-49,-50,-28,-40,-23,-25,-15,-21,-3,-30,23,21,28,28,54,50,56,84,61,79,86,106,103,119,135,160,131,153,106,176,171,188,149,238,198,280,273,257,213,299,298,314,324,344,258,284,213,242,243,241,149,188,165,149,149,136,169,134,177,175,123,126,158,173,26,21,0]} 1. f4 Nf6 2. Nf3 d5 3. g3 g6 4. Bg2 Bg7 5. O-O O-O 6. d3 Nc6 7. Nc3 a6 8. e4 d4 9. Ne2 Ng4 10. h3 Ne3 11. Bxe3 dxe3 12. d4 e6 13. c3 Na5 14. Qd3 b5 15. b3 Rb8 16. Qxe3 Qe7 17. Rfd1 Rd8 18. Nc1 Nb7 19. Nd3 a5 20. Nfe5 Bd7 21. Nxd7 Rxd7 22. e5 Rdd8 23. a4 b4 24. cxb4 Rdc8 25. b5 Nd8 26. Qe1 c6 27. Rdc1 cxb5 28. Rxc8 Rxc8 29. axb5 Qd7 30. Ra4 Qxb5 31. Nc5 Nc6 32. Bxc6 Qxc6 33. Rxa5 Bf8 34. Qe3 Qb6 35. Qc3 Qc6 36. Kf2 Qh1 37. h4 1/2-1/2